• 首页
  • 本馆介绍
  • 公告通知
  • 最新文献
  • 馆藏检索
  • 电子资源
  • 读者导购
  • 参考咨询
  • 我的图书馆
  • 登录
  • 详细信息显示
  • 放入我的书架
  • 预约/预借图书
  • 作者相关作品
  • 分类相关作品
  • 丛书相关作品
  • 出版社相关作品

书目信息

  • 表格格式
  • 工作单格式
  • 卡片格式
题名:
石油化工单元过程及操作
    
 
作者: 董伟 主编
分册:  
出版信息: 北京   科学出版社  2015.03
页数: 178页
开本: 26cm
丛书名:
单 册:
中图分类: TE65
科图分类:
主题词: 石油化工--化工单元操作--中等专业教育--教材
电子资源:
ISBN: 978-7-03-044633-6
000 00977nam0 2200253 450
001 0120151614791
005 20170324112751.18
010    @a978-7-03-044633-6@dCNY29.00
100    @a20170303d2015 em y0chiy50 ea
101 0  @achi
102    @aCN@b110000
105    @aak z 000yy
106    @ar
200 1  @a石油化工单元过程及操作@9shi you hua gong dan yuan guo cheng ji cao zuo@f董伟主编
210    @a北京@c科学出版社@d2015.03
215    @a178页@c图@d26cm
300    @a国家中等职业教育示范建设课程改革创新教材 中职中专化学工艺专业系列教材
330    @a本书主要针对化工生产中的流体输送、传热、精馏、吸收解吸等单元过程操作及设备做了介绍,在每一模块针对相应的操作设置了技能训练本书主要针对化工生产中的流体输送、传热、做了介绍,在每一模块针对相应操作设置了技能训练。
333    @a中专
606 0  @a石油化工@x化工单元操作@x中等专业教育@j教材
690    @aTE65@v5
701  0 @a董伟@9dong wei@4主编
801  0 @aCN@b人天书店@c20170303
905    @b980161-64@dTE65@e41@f4
    
    石油化工单元过程及操作/董伟主编.-北京:科学出版社,2015.03
    178页:图;26cm
    国家中等职业教育示范建设课程改革创新教材 中职中专化学工艺专业系列教材.-使用对象:中专
    
    ISBN 978-7-03-044633-6:CNY29.00
    本书主要针对化工生产中的流体输送、传热、精馏、吸收解吸等单元过程操作及设备做了介绍,在每一模块针对相应的操作设置了技能训练本书主要针对化工生产中的流体输送、传热、做了介绍,在每一模块针对相应操作设置了技能训练。
●
相关链接 在E读中查询图书 在五车中查询图书 在当当中查询图书 在豆瓣中查询图书


正题名:石油化工单元过程及操作     索取号:TE65/41         预约/预借

序号 登录号 条形码 馆藏地/架位号 状态 备注
1 980161   209801614   第二样本阅览室/ [索取号:TE65/41] 在馆    
2 980162   209801623   第三借阅区/ [索取号:TE65/41] 在馆    
3 980163   209801632   第三借阅区/ [索取号:TE65/41] 在馆    
4 980164   209801641   密集书库-化学系/ [索取号:TE65/41] 在馆    
唐山师范学院图书馆 欢迎您!
大连网信软件有限公司© 版权所有